00225nam a22000857a 4500082001900000100002500019245004300044260004300087300000900130 a954.9122 KHA'C aKHAN, MUHAMMAD AFZAL aCHITRAL AND KAFIRISTANA PERSONAL STUDY aRAWALPINDIbARMY EDUCATION PRESSc1980 a100P